000 00435nam a2200181Ia 4500
001 10981
005 20260306161912.0
008 260306t2005||||xx |||||||||||||| ||spa||
041 _aESP
082 _aS 985
_bC28
100 _aCarty, Charles L.
_eAUT
245 0 _aArequipa profunda compendio fotográfico
260 _c2005
300 _a118 páginas :
_c21 cm.
650 _aGEN
654 _aCHU
942 _cLIB
_dJUS
_fJUS
_2ddc
_n
999 _c10981
_d10981